000 00323cam a22001097a 4500
008 180718b2001 xxu||||| |||| 00| 0 eng d
100 _aRatha, Dilip
245 _aDemand for world bank lending
_cby Dilip Ratha
260 _aWashington, D.C.
_bWorld Bank
_c2001
300 _a27p.
440 _aPolicy research working paper 2652
999 _c286876
_d286876